000 02025cam a22004574i 4500
003 PE-LiUPU
005 20250731173405.0
008 150706s2010 miu r 000 0 spa d
020 _a9780825413933
035 _a(Sirsi) i9780825413933
040 _aPE-LiUPU
_bspa
_cPE-LiUPU
_erda
049 _aPRUA
082 0 4 _a220.1
_bL98
_221
100 1 _aLutzer, Erwin W.,
_eautor.
245 1 0 _aSiete razones para confiar en la Biblia /
_cErwin W. Lutzer.
264 1 _aMichigan :
_bPortavoz,
_c2010.
300 _a201 páginas ;
_c22 centímetros
336 _atext
_2rdacontent
337 _aunmediated
_2rdamedia
338 _avolume
_2rdacarrier
505 0 _aEsperando que Dios hable -- La razón lógica. La Biblia afirma ser la palabra de Dios -- La razón histórica. la historia confirma la fiabilidad de la Biblia -- La razón profética -- Las profecías de la Biblia demuestran su veracidad -- La razón cristológica. Cristo afirmó la autoridad y la verdad de la Biblia -- La razón científica. La ciencia apoya la creación bíblica -- La razón providencial. el pueblo de Dios, por su providencia, reconoció el Canon -- La razón personal. la biblia tiene poder para cambiar vidas.
526 _aSEG42
526 _aSEG41
526 _aSEG40
526 _aSEG39
526 _aP94
526 _aP87
526 _aP86
526 _aP85
526 _aP77
526 _aP76
526 _aP35
541 _g001-001090;
630 _aBiblia
_xEvidencias, autoridad, etc.
910 _agl
_bjv
_clch
_d20110817
942 _2ddc
_cBOOK
949 _a220.1 L98
_wDEWEY
_c1
_i63299
_lCCODEBUL1
_mBUL
_p9.00
_r0
_sY
_tBOOK
_u2015-7-6
_xTEOLOGIA
_PP35
_o.STAFF. Colección General
994 _aC0
_bPEPRU
596 _a1
999 _a220.1 L98
_wDEWEY
_c52300
_i63299
_d52300
_e2022-6-30
_f2021-11-9
_g5
_lCCODEBUL1
_mBUL
_n12
_p9.00
_q1
_r0
_sY
_tBOOK
_u2015-7-6
_xTEOLOGIA
_PP35
_0COMPRA
_o.STAFF. Colección Teología
980 _81
_gALBERTO SANCHEZ Responsable de Automatización